000 00260nam a2200097Ia 4500
008 240331s9999 xx 000 0 und d
082 _bMEL
100 _aVijelakshmu. ed
245 0 _aMelum :
_bA journal of Tamil Academics for Aesthetics and Literature
942 _cL
999 _c1672
_d1672